| 000 | 00674nam a22001815i 4500 | ||
|---|---|---|---|
| 001 | 158924 | ||
| 003 | ES-MaACL | ||
| 005 | 20230906211359.0 | ||
| 008 | 040906s1839 fr |||| | fre d | ||
| 040 |
_aCAM _bspa _cCAM |
||
| 100 | 1 |
_aMartineau, Harriet. _9129569 |
|
| 245 | 1 | 0 |
_aVoyage aux Etats-Unis ou Tableau de la société américaine ... / _cpar Miss Martineau; traduit de l'anglais par Benjamin Laroche. |
| 250 | _aNouvelle publication. | ||
| 260 |
_aParis : _bPagnerre éditeur, _c1839 ( _fImprimerie de Madame Porthmann) |
||
| 300 |
_a2 v. (XXIV, 419; 439 p.) ; _c21 cm. |
||
| 700 | 1 |
_aLaroche, Benjamin. _9128699 |
|
| 852 |
_aES-MaACL _jG-7686-87 _z-- Enc. hol. |
||
| 999 |
_c158924 _d158924 |
||